| 000 | 01045nam a2200193Ii 4500 | ||
|---|---|---|---|
| 003 | JO-AjNU | ||
| 008 | 230605s9999||||xx |||||||||||||| ||und|| | ||
| 040 |
_aJO-AjNU _bara _erda _cJO-AjNU |
||
| 041 | _aara | ||
| 050 | 1 | 4 | _aKMM126.A29.J67 1997 |
| 100 | 3 |
_aإعداد أبو رحمة، إبراهيم، إعداد محمد استانبولي، دورين بطرس, _eauthor _947218 |
|
| 245 | 0 | 0 | _aقانون العمل الاردني رقم 8 لسنة 1996 والقانون المعدل رقم 12 لسنة 1997 وقانون الضمان الاجتماعي رقم 30 لسنة 19787 والقانون المعدل لقانون الضمان الاحتماعي رقم 37 لسنة 1979 وقانون مؤسسة التدريب المهني رقم 11 لسنة 1985 |
| 264 | 3 | 1 | _aعمان: نقابة المحامين، 1997 |
| 300 | _a213ص | ||
| 336 |
_atext _btxt _2rdacontent |
||
| 337 |
_aunmediated _bn _2rdamedia |
||
| 338 |
_avolume _bnc _2rdacarrier |
||
| 650 | 4 |
_aالعمل والعمال - قوانين وتشريعات - الاردن _947219 |
|
| 999 |
_aA20597 _c24165 _d24165 |
||